Estratégies i tècniques per a la gestió social a l'aula

Saved in:
Bibliographic Details
Main Authors: Jorba, Jaume (Author), Casellas, Ester (Author)
Format: Book
Language:Portuguese
Published: Barcelona Institut de Ciencias de l'Educació 1996
Series:Serie Eines i Estrategies, 1
Subjects:
Tags: Add Tag
No Tags, Be the first to tag this record!

MARC

LEADER 00000nam a2200000 a 4500
001 UCO2428
003 CL-VaPUC
008 000602e19960000SP |||||||||||||||||por|d
082 0 4 |a 370.15  |b JOR  |2 21 
100 |a Jorba, Jaume  |e author  |9 602505 
700 0 |a Casellas, Ester  |e author  |9 445583 
245 1 0 |a Estratégies i tècniques per a la gestió social a l'aula 
300 |a v 
942 |c BK 
945 |d 20000602 00:00:00  |a rbrito 
260 |a Barcelona  |b Institut de Ciencias de l'Educació  |c 1996 
500 |a v.1: La regulació i l'autoregulació dels aprenentatges 
650 0 |a Psicología del aprendizaje  |9 306854 
650 0 |a Sociología de la educación   |9 260380 
583 |a last modification  |c 20000602 00:00:00  |k Rodrigo Vera 
490 0 |a Serie Eines i Estrategies, 1 
999 |c 288940  |d 288938 
952 |0 0  |1 0  |4 0  |6 370_150000000000000_JOR_1996  |7 0  |8 A  |9 336948  |a FDOPOS  |b FDOPOS  |d 2019-11-20  |h v.1  |i 3622614  |o 370.15 JOR 1996  |p 3622614  |r 2025-01-22  |w 2019-11-20  |y BK  |k MLA